Elektromagnitnyje ustrojstva avtomatiki.

Uložené v:
Podrobná bibliografia
Hlavný autor: Aranovič, Boris I.
Médium: Kniha
Jazyk:Slovak
Vydané: 1965.
Tagy: Pridať tag
Žiadne tagy, Buďte prvý kto otaguje tento záznam!

MARC

LEADER 00000nam a22000004a 4500
001 000525959
005 20161031141040.0
008 161031s1965 xo e 000 0 slo d
040 |a SVKKK  |b slo  |c SVKKK  |e AACR2 
100 1 |a Aranovič, Boris I. 
245 1 0 |a Elektromagnitnyje ustrojstva avtomatiki. 
260 |c 1965. 
500 |a Záznam revízie 
910 |a svkkk 
998 |a BK 
090 |g SCKHL  |k Sklad  |a X0.6290  |j 027860  |i 525959-10  |4 Zastaraná  |s Vyradená